000 00704nam a22002177a 4500
003 UA-OsUOA
001 71771
007 ta
008 20101203b un ||||| |||| 00| 0 ukr d
100 _aРешетилова О.
090 _a908
_bР47
942 _cSA
040 _aUA-OsUOA
_bukr
_cUA-OsUOA
_dUA-OsUOA
245 _aШкола для університетів. Важливі думки - із Острозької академії, Санкт-Петербурзького університету, Microsoft і "Екстракту"+ 200"
300 _aС.10-11
955 _a0
041 _aukr
080 _a908
773 0 _w71768
650 7 _a908 Краєзнавство
_2UDC
999 _c357895
_d357895